000 01338cam a22003135i 4500
003 EG-ScBUE
005 20250527101042.0
008 150817t1996 gw a f b 100 0 eng d
020 _a3540609903
020 _a9783540609902
040 _aEG-ScBUE
_beng
_erda
_cEG-ScBUE
_dEG-ScBUE
082 0 4 _a530.143
_bLOW
_222
111 2 _aInternationale UniversitaÌ(tswochen fuÌ(r Kern- und Teilchenphysik
_n(34th :
_d1995 :
_cSchladming, Austria)
245 0 0 _aLow-dimensional models in statistical physics and quantum field theory :
_bproceedings of the 34. Internationale UniversitaÌ(tswochen fuÌ(r Kern-und Teilchenphysik, Schladming, Austria, March 4-11, 1995 /
_cHarald Grosse, Ludwig Pittner, (eds.)
264 1 _aBerlin :
_bSpringer-Verlage,
_c[1996]
264 4 _cc1996
300 _axvii, 339 pages :
_billustrations ;
_c24 cm.
336 _2rdacontent
_atext
_btxt
337 _aunmediated
_2rdamedia
_bn
338 _avolume
_bnc
_2rdacarrier
490 0 _aLecture notes in physics ;
_v469
504 _aIncludes bibliographical references.
650 7 _aStatistical physics
_xMathematical models
_xCongresses.
_2BUEsh
650 7 _aQuantum field theory
_xMathematical models
_xCongresses.
_2BUEsh
655 _vReading book
700 1 _aGrosse, Harald,
_d1944-
_eeditor.
700 1 _aPittner, Ludwig.
_eeditor.
942 _cBB
_2ddc
999 _c5340
_d5340